000 00335nam a2200133 a 4500
005 20141022141959.0
008 120229s19uu xx 00 eng d
050 _aCD
_bH73 2002
100 _aHolman, Tomlinson
245 _aSound for film and television /
_cTomlinson Holman.
250 _a2nd ed.
260 _c2002.
942 _cAVM
999 _c276183
_d276183